000 00209 a2200097 4500
001 3121
090 _c2403
_d2403
100 _aLindholm, C
245 _aFrontier perspectives
260 _akarachi
_bOxford
_c1996
942 _aNUST-CAE
_k305.8LIN
999 _c238194
_d238194